000 00709cam a2200205 i 4500
005 20251201105446.0
008 250721s2007 jo gr 000 0 ara d
082 1 4 _a212
_bن و ف
100 1 _aنوفل، أحمد
_eمؤلف.
245 1 0 _aقراءة في آية " يوم يكشف عن ساق " /
_cالدكتور أحمد نوفل.
250 _aالطبعة الأولى.
264 3 1 _aعمان :
_bدار القطوف للنشر،
_c2007.
264 3 1 _aعمان :
_bدار الفضيلة،
_c2007.
300 _a133 صفحة.
650 1 7 _aتفسير القرآن.
650 1 7 _aالآيات.
650 1 7 _aعلم الدلالة.
942 _2ddc
_cBK
999 _c106827
_d106827